Biblioteca y Centro de Documentación

Informe de seguimiento del Programa de empleo del Reino de España (Registro nro. 5680)

Detalles MARC
000 -CABECERA
Longitud fija campo de control 01418nam a2200385 c 4500
001 - NÚMERO DE CONTROL
Número de control 5680
003 - IDENTIFICADOR DE NÚMERO DE CONTROL
Identificador del número de control ES-MaCES
005 - FECHA Y HORA DE LA ÚLTIMA TRANSACCIÓN
Fecha y hora de la última transacción 20150929135435.0
008 - CAMPO FIJO DE DESCRIPCIÓN FIJA--INFORMACIÓN GENERAL
Códigos de información de longitud fija   971030s1997 sp ||| | spa d
035 ## - NÚMERO DE CONTROL DEL SISTEMA
Número de control del sistema CES19980057248m
040 ## - FUENTE DE CATALOGACIÓN
Centro catalogador de origen ES-MaCES
Lengua de catalogación spa
Centro transcriptor ES-MaCES
245 00 - MENCIÓN DE TÍTULO
Título Informe de seguimiento del Programa de empleo del Reino de España
Resto del título : [para el período comprendido entre julio de 1996 y junio de 1997]
Mención de responsabilidad, etc. Secretaría General de Empleo, Subdirección General de Estudios sobre el Empleo
260 ## - PUBLICACIÓN, DISTRIBUCIÓN, ETC (PIE DE IMPRENTA)
Lugar de publicación, distribución, etc. Madrid
Nombre del editor, distribuidor, etc. La Subdirección
Fecha de publicación, distribución, etc. 1997
300 ## - DESCRIPCIÓN FÍSICA
Extensión 9, [8] p.
Dimensiones 30 cm
500 ## - NOTA GENERAL
Nota general Tít. tomado de la cub.
500 ## - NOTA GENERAL
Nota general Ejempl. fotocopiado
541 ## - NOTA DE LA FUENTE INMEDIANTE DE ADQUISICIÓN
Forma de adquisición Gratuito
650 #4 - ASIENTO SECUNDARIO DE MATERIA--TÉRMINO DE MATERIA
Término de materia o nombre geográfico como elemento inicial empleo
9 (RLIN) 28299
650 #4 - ASIENTO SECUNDARIO DE MATERIA--TÉRMINO DE MATERIA
Término de materia o nombre geográfico como elemento inicial mercado de trabajo
9 (RLIN) 28292
650 #4 - ASIENTO SECUNDARIO DE MATERIA--TÉRMINO DE MATERIA
Término de materia o nombre geográfico como elemento inicial fomento del empleo
9 (RLIN) 30270
650 #4 - ASIENTO SECUNDARIO DE MATERIA--TÉRMINO DE MATERIA
Término de materia o nombre geográfico como elemento inicial plan nacional
9 (RLIN) 27018
650 #4 - ASIENTO SECUNDARIO DE MATERIA--TÉRMINO DE MATERIA
Término de materia o nombre geográfico como elemento inicial España
9 (RLIN) 26964
650 #4 - ASIENTO SECUNDARIO DE MATERIA--TÉRMINO DE MATERIA
Término de materia o nombre geográfico como elemento inicial 1996-1997
9 (RLIN) 31088
650 #4 - ASIENTO SECUNDARIO DE MATERIA--TÉRMINO DE MATERIA
Término de materia o nombre geográfico como elemento inicial cuadros estadísticos
9 (RLIN) 28890
650 #4 - ASIENTO SECUNDARIO DE MATERIA--TÉRMINO DE MATERIA
Término de materia o nombre geográfico como elemento inicial informe
9 (RLIN) 28986
653 10 - TÉRMINO DE INDEXACIÓN--NO CONTROLADO
Término no controlado Empleo
650 #4 - ASIENTO SECUNDARIO DE MATERIA--TÉRMINO DE MATERIA
9 (RLIN) 28300
Término de materia o nombre geográfico como elemento inicial política de empleo
650 #4 - ASIENTO SECUNDARIO DE MATERIA--TÉRMINO DE MATERIA
9 (RLIN) 29242
Término de materia o nombre geográfico como elemento inicial creación de empleos
710 1# - ENCABEZAMIENTO SECUNDARIO--NOMBRE CORPORATIVO
Nombre de entidad o nombre de jurisdicción como elemento inicial España
Unidad subordinada Subdirección General de Estudios sobre el Empleo
9 (RLIN) 3412
787 0# - ENTRADA DE OTRAS ESPECIFICACIONES
Título Programa plurianual de empleo del Reino de España
Número de control del registro relacionado (ES-MaCES)5856
787 0# - ENTRADA DE OTRAS ESPECIFICACIONES
Título Programa de empleo del Reino de España
Número de control del registro relacionado (ES-MaCES)3819
902 ## - CES. TIPO DE DOCUMENTO
Tipodoc (006$c Sirtex) DOC Literatura gris
942 ## - ELEMENTOS KOHA
Fuente de clasificaión o esquema Clasificación propia del CES
Koha [por defecto] tipo de item Monografías
Parte de clasificación 2.1.
Existencias
Número de registro Signatura completa Tipo de item de Koha
022119 DOC-2.1.-52 Monografías
© CES, Consejo Económico y Social de España 2021